000 00381 a2200169 4500
001 186476
020 _a85-08-06639-2
040 _cMagnum
100 _aMachado, Ana Maria
240 1 0 _aMenina bonita do laço de fita
_lpor
245 1 0 _aMenina bonita do laço de fita
300 _a24
362 0 _a2002
440 1 _aÁtica
697 _aLITERATURA INFANTIL
942 _cBK
999 _c186476
_d186476